BIBLIOTECA

SENCICO

Diseño de instalaciones hidrosanitarias y de gas para edificaciones / (Registro nro. 2011)

Detalles MARC
000 -LEADER
fixed length control field 01017nam a2200241Ia 4500
003 - CONTROL NUMBER IDENTIFIER
control field PE SENCICO BE
005 - DATE AND TIME OF LATEST TRANSACTION
control field 20251020182529.0
008 - FIXED-LENGTH DATA ELEMENTS--GENERAL INFORMATION
fixed length control field 200515s9999 xx 000 0 und d
020 ## - INTERNATIONAL STANDARD BOOK NUMBER
International Standard Book Number 958-648-267-7
040 ## - CATALOGING SOURCE
Original cataloging agency PE SENCICO BE
Transcribing agency PE SENCICO BE
041 ## - LANGUAGE CODE
Language code of text/sound track or separate title spa
082 ## - DEWEY DECIMAL CLASSIFICATION NUMBER
Classification number 696.12
Item number P45
100 1# - MAIN ENTRY--PERSONAL NAME
Personal name Pérez Carmona, Rafael
9 (RLIN) 214
245 10 - TITLE STATEMENT
Title Diseño de instalaciones hidrosanitarias y de gas para edificaciones /
Statement of responsibility, etc. Rafael Pérez Carmona
250 ## - EDITION STATEMENT
Edition statement 3a ed.
260 ## - PUBLICATION, DISTRIBUTION, ETC.
Place of publication, distribution, etc. Bogotá:
Name of publisher, distributor, etc. Ecoe ediciones,
Date of publication, distribution, etc. 2001
300 ## - PHYSICAL DESCRIPTION
Extent xx, 540 p.:
Other physical details diagrs.,
Dimensions 25 cm.
500 ## - GENERAL NOTE
General note 1 ejemplar
505 0# - FORMATTED CONTENTS NOTE
Formatted contents note Suministro de agua.- Equipos de presión.- Cálculo de pérdidas en tuberías y accesorios.- Redes de distribución.- Desagües.- Sistema de ventilación.- Redes de distribución contra incendios.- Agua caliente.- Redes de distribución de gas.- Ventilación.- Anexos
650 10 - SUBJECT ADDED ENTRY--TOPICAL TERM
Topical term or geographic name entry element Instalaciones hidrosanitarias
9 (RLIN) 215
650 20 - SUBJECT ADDED ENTRY--TOPICAL TERM
Topical term or geographic name entry element Edificaciones
9 (RLIN) 216
942 ## - ADDED ENTRY ELEMENTS (KOHA)
Koha item type Libros
Source of classification or shelving scheme Dewey Decimal Classification
Classification part 696.12
Item part P45
Existencias
Fecha de la última vez que lo usaron Pago total Signatura topográfica completa Código de barras Precio efectivo desde Tipo de documento Estado perdido Estado dañado No es para préstamo Retirado Ubicación permanente Ubicación actual Fecha de adquisición
15/05/2020   696.12/P45 Bib-Lima15052011 15/05/2020 Libros         Biblioteca Central Lima Biblioteca Central Lima 15/05/2020